[Event "Oslo Chess International 2014"]
[Site "Oslo"]
[Date "2014.09.28"]
[Round "8"]
[White "Haugli, Petter"]
[Black "Wallace, Paul"]
[Result "1-0"]
[WhiteElo "2277"]
[BlackElo "2200"]
[PlyCount "45"]
[EventDate "2014.??.??"]

1. d4 Nf6 2. c4 g6 3. Nc3 Bg7 4. e4 d6 5. Nf3 O-O 6. Be2 e5 7. O-O exd4 8. Nxd4
Re8 9. f3 c6 10. Bf4 d5 11. cxd5 cxd5 12. Ndb5 d4 13. Nd5 Nxd5 14. exd5 Na6 15.
Bc4 Bd7 16. Nd6 Qf6 17. Nxe8 Rxe8 18. Qd2 Nc5 19. Rfe1 b5 20. Rxe8+ Bxe8 21.
Re1 Qd8 22. Bf1 Bd7 23. Be5
1-0

[Event "Oslo Chess International 2014"]
[Site "Oslo"]
[Date "2014.09.28"]
[Round "8"]
[White "Djurhuus, Eivind X"]
[Black "Raghavi, Nagarjan"]
[Result "1/2-1/2"]
[WhiteElo "2105"]
[BlackElo "2253"]
[PlyCount "54"]
[EventDate "2014.??.??"]

1. e4 e5 2. Nf3 Nc6 3. Bb5 a6 4. Ba4 Nf6 5. O-O Be7 6. d3 b5 7. Bb3 d6 8. a4
Bd7 9. c3 Na5 10. Bc2 c5 11. Nbd2 Nc6 12. Re1 O-O 13. Nf1 Re8 14. Ng3 g6 15. h3
Bf8 16. d4 cxd4 17. cxd4 exd4 18. Nxd4 Bg7 19. Nf3 Qc7 20. Bf4 Ne5 21. Nxe5
dxe5 22. Be3 Qb7 23. axb5 Bxb5 24. Qb1 Bc6 25. Ba4 Bxa4 26. Rxa4 Rab8 27. Qa2
Qxb2
1/2-1/2

[Event "Oslo Chess International 2014"]
[Site "Oslo"]
[Date "2014.09.28"]
[Round "8"]
[White "Andersen, Alf Roger"]
[Black "Sousa, Ludy Helsio P"]
[Result "1-0"]
[WhiteElo "2170"]
[BlackElo "2228"]
[PlyCount "39"]
[EventDate "2014.??.??"]

1. e4 c5 2. f4 e5 3. Nc3 exf4 4. Nf3 g5 5. Bc4 Nc6 6. O-O g4 7. d3 gxf3 8. Bxf4
d6 9. Qxf3 Be6 10. Bxe6 fxe6 11. Bxd6 Qxd6 12. Qf7+ Kd8 13. Qxf8+ Kd7 14. Qxa8
Nd8 15. Qxa7 h5 16. d4 Qxd4+ 17. Kh1 Kc7 18. Rad1 Qe5 19. Rxd8 Kxd8 20. Qa8+
1-0

[Event "Oslo Chess International 2014"]
[Site "Oslo"]
[Date "2014.09.28"]
[Round "8"]
[White "Gonzàlez, Francisco Silva"]
[Black "Lillevold, Frode"]
[Result "0-1"]
[WhiteElo "2130"]
[BlackElo "2199"]
[PlyCount "163"]
[EventDate "2014.??.??"]

1. d4 d5 2. c4 e6 3. Nc3 Nf6 4. Nf3 Be7 5. Bg5 O-O 6. e3 h6 7. Bh4 Ne4 8. Bxe7
Qxe7 9. Rc1 c6 10. Bd3 Nxc3 11. Rxc3 Nd7 12. O-O dxc4 13. Bxc4 c5 14. e4 b6 15.
d5 exd5 16. Bxd5 Rb8 17. Re1 Nf6 18. e5 Nxd5 19. Qxd5 Be6 20. Qd2 Rbd8 21. Qc2
Rd5 22. h3 Rfd8 23. a3 a5 24. Qe2 Bf5 25. Qe3 b5 26. Qf4 Be6 27. h4 b4 28. axb4
axb4 29. Rc2 Rd3 30. Rd2 c4 31. Red1 Rxd2 32. Rxd2 Rxd2 33. Qxd2 Qc5 34. Nd4 c3
35. bxc3 bxc3 36. Qd3 Bd5 37. Ne2 c2 38. Nc1 Qc6 39. Qg3 h5 40. Kh2 g6 41. Qg5
Be6 42. Qd8+ Kh7 43. Qd4 Kg7 44. f3 Qc7 45. Kg1 Qa5 46. Kf2 Qa3 47. Qe3 Qa4 48.
g3 Qd7 49. Qd3 Qc6 50. Qd4 Kh7 51. Qe3 Bc4 52. Qd4 Ba6 53. Qd6 Qc4 54. Ke3 Qf1
55. Qa3 Qg1+ 56. Kd2 Qf2+ 57. Kc3 Qxf3+ 58. Kb2 Qxa3+ 59. Kxa3 g5 60. Kb2 Kg6
61. Kxc2 gxh4 62. gxh4 Kf5 63. Kd2 Kxe5 64. Nb3 Kf4 65. Nd4 Kg4 66. Ke3 f5 67.
Ne6 Bc8 68. Nf4 Kxh4 69. Kf2 Kg4 70. Nd5 Bb7 71. Ne3+ Kf4 72. Nf1 h4 73. Nh2 h3
74. Nf1 Bg2 75. Ng3 Kg4 76. Kg1 f4 77. Ne2 Bf3 78. Nd4 Be4 79. Kh2 f3 80. Nb3
f2 81. Nd2 Bd3 82. Ne4
0-1

[Event "Oslo Chess International 2014"]
[Site "Oslo"]
[Date "2014.09.28"]
[Round "8"]
[White "Haug, Johannes"]
[Black "Mihajlov, Svetoslav"]
[Result "0-1"]
[WhiteElo "2194"]
[BlackElo "2154"]
[PlyCount "50"]
[EventDate "2014.??.??"]

1. e4 c5 2. Nf3 d6 3. Bb5+ Nc6 4. O-O e5 5. c3 Bg4 6. d4 Qb6 7. Bxc6+ Qxc6 8.
Nxe5 dxe5 9. Qxg4 cxd4 10. cxd4 exd4 11. e5 Rd8 12. Na3 h5 13. Qh4 Be7 14. Bg5
Qg6 15. Bxe7 Nxe7 16. Nb5 Nf5 17. Qe4 O-O 18. Nxa7 d3 19. Nb5 d2 20. h3 Rfe8
21. Kh2 Ng3 22. Qa4 Nxf1+ 23. Rxf1 Rxe5 24. Nc3 Re1 25. Kg1 Qd3
0-1

[Event "Oslo Chess International 2014"]
[Site "Oslo"]
[Date "2014.09.28"]
[Round "8"]
[White "Goossens, Hanne"]
[Black "Kjølberg, Jens Hjorth"]
[Result "1/2-1/2"]
[WhiteElo "2187"]
[BlackElo "2058"]
[PlyCount "84"]
[EventDate "2014.??.??"]

1. e4 c5 2. Nf3 Nc6 3. d4 cxd4 4. Nxd4 e5 5. Nb5 d6 6. N1c3 a6 7. Na3 Be7 8.
Nd5 Nf6 9. Nxe7 Qxe7 10. Bd3 Bg4 11. f3 Be6 12. c4 Nh5 13. Be3 Nf4 14. Qd2 O-O
15. Bxf4 exf4 16. Qxf4 Ne5 17. Rd1 b5 18. cxb5 axb5 19. Bxb5 Rfb8 20. Qe3 Qh4+
21. Qf2 Qe7 22. O-O Rxa3 23. bxa3 Rxb5 24. a4 Rb4 25. Rb1 Qb7 26. Rxb4 Qxb4 27.
Qa7 h6 28. a5 Bc4 29. Rd1 Be2 30. Qd4 Qxa5 31. Rd2 Bxf3 32. Qxd6 Kh7 33. Qd4
Qc7 34. Kf2 Bh5 35. h3 Qe7 36. Kg1 Qg5 37. Kh1 Qh4 38. Kg1 Qe1+ 39. Kh2 Ng4+
40. hxg4 Qh4+ 41. Kg1 Qe1+ 42. Kh2 Qh4+
1/2-1/2

[Event "Oslo Chess International 2014"]
[Site "Oslo"]
[Date "2014.09.28"]
[Round "8"]
[White "Bjerke, Richard"]
[Black "Wieweg, Johnny"]
[Result "1/2-1/2"]
[WhiteElo "2172"]
[BlackElo "2140"]
[PlyCount "96"]
[EventDate "2014.??.??"]

1. e4 e5 2. Nf3 Nc6 3. Bb5 g6 4. c3 Nge7 5. d4 exd4 6. cxd4 d5 7. exd5 Nxd5 8.
O-O Bg7 9. Re1+ Be6 10. Qa4 O-O 11. Bxc6 bxc6 12. Ne5 Re8 13. Nc3 c5 14. dxc5
Nxc3 15. bxc3 Bd5 16. Bf4 g5 17. Bg3 f6 18. Nc4 Rxe1+ 19. Rxe1 f5 20. f3 f4 21.
Bf2 Bxc3 22. Rd1 c6 23. Nd6 Qf6 24. Ne4 Qg7 25. h3 Be5 26. Nd6 Rb8 27. Nf5 Qf6
28. Nd4 Rb2 29. Nb3 Qf7 30. Qa6 Kg7 31. Qc8 Rxa2 32. Nd4 a5 33. Nxc6 Bf6 34.
Nd4 a4 35. c6 Be5 36. Qd7 Kg6 37. Nb5 Be6 38. Qd8 a3 39. h4 h6 40. c7 Rc2 41.
Qd3+ Qf5 42. Qxa3 Rxf2 43. Kxf2 Qc2+ 44. Ke1 Bc4 45. Rd2 Qb1+ 46. Rd1 Qc2 47.
Rd2 Qb1+ 48. Rd1 Qc2
1/2-1/2

[Event "Oslo Chess International 2014"]
[Site "Oslo"]
[Date "2014.09.28"]
[Round "8"]
[White "Harstad, Christian"]
[Black "Einarsen, Kenneth"]
[Result "1/2-1/2"]
[WhiteElo "2002"]
[BlackElo "2106"]
[PlyCount "82"]
[EventDate "2014.??.??"]

1. d4 Nf6 2. c4 c5 3. d5 e6 4. Nc3 exd5 5. cxd5 d6 6. e4 g6 7. h3 Bg7 8. Nf3
O-O 9. Bd3 b5 10. Nxb5 Re8 11. O-O Nxe4 12. Bxe4 Rxe4 13. Re1 Rxe1+ 14. Qxe1 a6
15. Nc7 Ra7 16. Bg5 f6 17. Ne6 Qe7 18. Nxg7 Kxg7 19. Qc3 Nd7 20. Re1 Qf8 21.
Bf4 Ne5 22. Qe3 Qf7 23. Bh6+ Kg8 24. Nxe5 fxe5 25. f4 Re7 26. fxe5 Rxe5 27. Qd2
Rxe1+ 28. Qxe1 Bb7 29. Qh4 Qe8 30. Bf4 Bxd5 31. Bxd6 Qe3+ 32. Kh2 g5 33. Qh6
Kf7 34. Qxh7+ Ke8 35. Qh8+ Kd7 36. Qe5 Qxe5+ 37. Bxe5 Bxa2 38. Bf6 g4 39. hxg4
Ke6 40. Bc3 Kf7 41. Kh3 Kg6
1/2-1/2

[Event "Oslo Chess International 2014"]
[Site "Oslo"]
[Date "2014.09.28"]
[Round "9"]
[White "Istratescu, Andrei"]
[Black "Romanov, Evgeny"]
[Result "0-1"]
[WhiteElo "2653"]
[BlackElo "2647"]
[PlyCount "110"]
[EventDate "2014.??.??"]

1. e4 e5 2. Nf3 Nc6 3. Bb5 Nf6 4. O-O Nxe4 5. d4 Nd6 6. Bxc6 dxc6 7. dxe5 Nf5
8. Qxd8+ Kxd8 9. Nc3 Bd7 10. h3 Kc8 11. Bf4 h6 12. Rad1 b6 13. Rd3 Be6 14. Rfd1
Kb7 15. a3 a5 16. Bh2 c5 17. Ne2 g5 18. Nc3 Ne7 19. g4 Nc6 20. Ne4 Be7 21. R3d2
a4 22. Nf6 Na5 23. Nd5 Rhe8 24. Ne3 b5 25. Ne1 c4 26. c3 Nb3 27. Re2 Rad8 28.
Rb1 Bc5 29. Nf5 Bd5 30. Bg3 Be4 31. Rxe4 Nd2 32. Re2 Nxb1 33. Nxh6 Rd2 34. Kf1
Rf8 35. Nf3 Rxe2 36. Kxe2 Nxc3+ 37. bxc3 Bxa3 38. Nd4 Bb2 39. Nxb5 Kb6 40. Nd4
a3 41. f4 a2 42. Nc2 gxf4 43. Bxf4 Kb5 44. Bd2 Ka4 45. h4 c5 46. Nf5 Kb3 47.
Kd1 Re8 48. Bf4 Bxc3 49. Nd6 Re7 50. Ne4 Rd7+ 51. Nd6 a1=Q+ 52. Nxa1+ Bxa1 53.
Ke2 Bxe5 54. Bxe5 Re7 55. Nxf7 Rxf7 0-1

[Event "Oslo Chess International 2014"]
[Site "Oslo"]
[Date "2014.09.28"]
[Round "9"]
[White "Prohaszka, Peter"]
[Black "Rozentalis, Eduardas"]
[Result "1/2-1/2"]
[WhiteElo "2588"]
[BlackElo "2615"]
[PlyCount "41"]
[EventDate "2014.??.??"]

1. d4 Nf6 2. c4 e6 3. Nc3 Bb4 4. Qc2 d5 5. cxd5 Qxd5 6. e3 c5 7. Bd2 Bxc3 8.
Bxc3 Nc6 9. dxc5 Qxc5 10. Rc1 O-O 11. Nf3 h6 12. Be2 Nd5 13. O-O Nxc3 14. Qxc3
Qxc3 15. Rxc3 Bd7 16. Rfc1 Rfd8 17. a3 Kf8 18. Kf1 Rac8 19. Ke1 Ne7 20. Ne5 Be8
21. Rxc8 1/2-1/2

[Event "Oslo Chess International 2014"]
[Site "Oslo"]
[Date "2014.09.28"]
[Round "9"]
[White "Turov, Maxim"]
[Black "Papp, Gabor"]
[Result "1-0"]
[WhiteElo "2586"]
[BlackElo "2559"]
[PlyCount "99"]
[EventDate "2014.??.??"]

1. Nf3 Nf6 2. g3 d5 3. Bg2 c5 4. O-O e6 5. d3 Nc6 6. Nbd2 Be7 7. e4 O-O 8. Re1
b5 9. e5 Nd7 10. Nf1 a5 11. h4 Ba6 12. h5 Rc8 13. h6 g6 14. N1h2 d4 15. Ng4 Nb6
16. Nd2 c4 17. Ne4 cxd3 18. cxd3 Nb4 19. Nef6+ Kh8 20. Re2 N4d5 21. Bg5 Nxf6
22. Bxf6+ Bxf6 23. Nxf6 Nd7 24. Nxd7 Qxd7 25. Qd2 b4 26. a3 b3 27. Qxa5 Bxd3
28. Rd2 Bc2 29. Qb6 Rc4 30. a4 Rxa4 31. Rxa4 Qxa4 32. Rxd4 Qe8 33. Qd6 Rg8 34.
Ra4 Qf8 35. Qxf8 Rxf8 36. f4 Kg8 37. Kf2 Rd8 38. g4 Rd2+ 39. Ke3 Rd3+ 40. Ke2
Kf8 41. Ra8+ Ke7 42. Bc6 f5 43. Ra7+ Kf8 44. g5 Rh3 45. Rxh7 Rh2+ 46. Ke3 Be4
47. Rh8+ Kf7 48. Bxe4 fxe4 49. Rb8 Ke7 50. h7 1-0

[Event "Oslo Chess International 2014"]
[Site "Oslo"]
[Date "2014.09.28"]
[Round "9"]
[White "Solodovnichenko, Yuri"]
[Black "Werle, Jan"]
[Result "1/2-1/2"]
[WhiteElo "2566"]
[BlackElo "2523"]
[PlyCount "21"]
[EventDate "2014.??.??"]

1. e4 c5 2. Nf3 e6 3. d4 cxd4 4. Nxd4 Nc6 5. Nc3 Qc7 6. Be3 a6 7. Qd2 Nf6 8.
O-O-O Be7 9. f3 b5 10. Kb1 Bb7 11. Nxc6 1/2-1/2

[Event "Oslo Chess International 2014"]
[Site "Oslo"]
[Date "2014.09.28"]
[Round "9"]
[White "Gara, Anita"]
[Black "Hansen, Torbjørn R"]
[Result "0-1"]
[WhiteElo "2322"]
[BlackElo "2476"]
[PlyCount "120"]
[EventDate "2014.??.??"]

1. e4 c5 2. Nf3 d6 3. c3 Nf6 4. h3 g6 5. Bd3 Bg7 6. Bc2 O-O 7. d4 Nc6 8. d5 Nb8
9. O-O Na6 10. Re1 Nc7 11. Bg5 e5 12. dxe6 Nxe6 13. Bh4 Qb6 14. Qc1 Bd7 15.
Nbd2 Nh5 16. Nc4 Qa6 17. Ne3 Nef4 18. Qd2 Rfe8 19. Kh2 h6 20. g4 Nf6 21. Bxf6
Bxf6 22. Nf5 g5 23. Nxh6+ Kg7 24. Nf5+ Bxf5 25. exf5 Qc6 26. Kg3 Rh8 27. Rh1
Be5 28. f6+ Kxf6 29. Rae1 Rae8 30. Be4 d5 31. Nxe5 Rxe5 32. Bf3 Rxe1 33. Qxe1
Qd6 34. Qb1 Nxh3+ 35. Kg2 Nf4+ 36. Kg1 Rxh1+ 37. Kxh1 Qe5 38. c4 d4 39. Be4 Qe6
40. Bf3 d3 41. Qc1 b6 42. b4 cxb4 43. Qb2+ Qe5 44. Qxb4 Qa1+ 45. Kh2 Qd4 46.
Qd2 Kg6 47. Qe3 Qd6 48. Qd2 Kg7 49. Kg1 Qd4 50. Qe3 Qxe3 51. fxe3 Ng6 52. Kf2
Ne5 53. Bd1 Nxc4 54. Bb3 Ne5 55. Bd1 Kf6 56. e4 Nc4 57. Bb3 b5 58. a4 a6 59.
axb5 axb5 60. Bd1 Ke5 0-1

[Event "Oslo Chess International 2014"]
[Site "Oslo"]
[Date "2014.09.28"]
[Round "9"]
[White "Manea, Alexandru"]
[Black "Elsness, Frode"]
[Result "1/2-1/2"]
[WhiteElo "2368"]
[BlackElo "2465"]
[PlyCount "30"]
[EventDate "2014.??.??"]

1. d4 Nf6 2. Nf3 e6 3. c4 Bb4+ 4. Nc3 d6 5. Qc2 Nbd7 6. g3 b6 7. Bg2 Bb7 8. O-O
Rc8 9. Nd1 c5 10. a3 Ba5 11. Bf4 Be4 12. Qa4 Bc6 13. Qc2 Be4 14. Qa4 Bc6 15.
Qc2 Be4 1/2-1/2

[Event "Oslo Chess International 2014"]
[Site "Oslo"]
[Date "2014.09.28"]
[Round "9"]
[White "Pranav, Vijay"]
[Black "Galyas, Miklos"]
[Result "1/2-1/2"]
[WhiteElo "2197"]
[BlackElo "2421"]
[PlyCount "43"]
[EventDate "2014.??.??"]

1. d4 d6 2. Nf3 g6 3. g3 Bg7 4. Bg2 f5 5. O-O Nf6 6. c4 O-O 7. Nc3 e6 8. Qc2
Nc6 9. Rd1 Qe7 10. e4 fxe4 11. Nxe4 Nxe4 12. Qxe4 e5 13. dxe5 dxe5 14. Bg5 Qf7
15. Be3 Bf5 16. Qd5 h6 17. Nh4 Be6 18. Qxe6 Qxe6 19. Bd5 Rf6 20. Bxe6+ Rxe6 21.
Rd7 Rc8 22. Rad1 1/2-1/2

[Event "Oslo Chess International 2014"]
[Site "Oslo"]
[Date "2014.09.28"]
[Round "9"]
[White "Gledura, Benjamin"]
[Black "Bellia, Fabrizio"]
[Result "1-0"]
[WhiteElo "2414"]
[BlackElo "2408"]
[PlyCount "119"]
[EventDate "2014.??.??"]

1. e4 e5 2. Nf3 Nc6 3. Nc3 Nf6 4. d4 exd4 5. Nxd4 Bb4 6. Nxc6 bxc6 7. Bd3 O-O
8. O-O d5 9. exd5 cxd5 10. h3 c6 11. Qf3 Rb8 12. Bf4 Bd6 13. b3 Rb4 14. Bxd6
Qxd6 15. Ne2 Re8 16. c4 Be6 17. Rad1 a5 18. Nd4 Bd7 19. Nc2 Rbb8 20. cxd5 cxd5
21. Ne3 Qa3 22. Bb1 Be6 23. Rd4 Qc5 24. Rfd1 Rb4 25. Qf4 h6 26. Rxb4 axb4 27.
Qd4 Qa5 28. Nc2 Rb8 29. Qf4 Rb7 30. Nd4 Bd7 31. Qe5 Rc7 32. Bf5 Qc5 33. Rd3 Be8
34. Re3 Kf8 35. Bd3 Bd7 36. Re2 Rc8 37. Rc2 Qb6 38. Rxc8+ Bxc8 39. Nc2 Ba6 40.
Bxa6 Qxa6 41. Qb8+ Ke7 42. Qxb4+ Kd7 43. a4 Qe2 44. Nd4 Qd1+ 45. Kh2 Qc1 46.
Nf5 Ne4 47. Qe7+ Kc6 48. Nd4+ Kb6 49. Qd8+ Qc7+ 50. Qxc7+ Kxc7 51. f3 Nc3 52.
a5 Kb7 53. b4 Ka6 54. Kg3 Na2 55. Nc2 d4 56. Nxd4 Nxb4 57. Nf5 Nd5 58. Nxg7 Ne7
59. Kg4 Kxa5 60. Nf5 1-0

[Event "Oslo Chess International 2014"]
[Site "Oslo"]
[Date "2014.09.28"]
[Round "9"]
[White "Merkesvik, Sondre"]
[Black "Nilsen, Joachim B"]
[Result "0-1"]
[WhiteElo "2179"]
[BlackElo "2363"]
[PlyCount "100"]
[EventDate "2014.??.??"]

1. Nf3 Nf6 2. d4 c5 3. d5 g6 4. Nc3 Bg7 5. e4 d6 6. h3 O-O 7. Bd3 Na6 8. O-O
Nc7 9. Re1 Rb8 10. a4 b6 11. Bf1 Bb7 12. Nb5 a6 13. Nxc7 Qxc7 14. c4 Rbd8 15.
a5 Nd7 16. Qc2 Rb8 17. Bd2 b5 18. cxb5 axb5 19. Rab1 Ba6 20. b4 Rfc8 21. Rec1
Qd8 22. Qb3 Rb7 23. Qe3 Qe8 24. h4 e6 25. Bc3 Bxc3 26. Qxc3 e5 27. Qe3 Rbc7 28.
Rb2 Qe7 29. g3 c4 30. Bh3 Rf8 31. h5 Kg7 32. hxg6 hxg6 33. Ng5 Nf6 34. Kg2 Rh8
35. Rh1 Rh5 36. Nf3 c3 37. Rc2 Rc4 38. Rxc3 Rxe4 39. Qd2 Bb7 40. Rhc1 Nxd5 41.
Rd3 Nf4+ 42. gxf4 Rxf4 43. a6 Bxf3+ 44. Rxf3 Rxf3 45. Bg4 Rf4 46. Bxh5 Qg5+ 47.
Kf1 Qxh5 48. Qd5 Qh3+ 49. Ke2 Rd4 50. Qf3 Rd2+ 0-1

[Event "Oslo Chess International 2014"]
[Site "Oslo"]
[Date "2014.09.28"]
[Round "9"]
[White "Hauge, Lars Oskar"]
[Black "Raghavi, Nagarjan"]
[Result "1/2-1/2"]
[WhiteElo "2322"]
[BlackElo "2253"]
[PlyCount "44"]
[EventDate "2014.??.??"]

1. d4 Nf6 2. Nc3 d5 3. Bg5 Nbd7 4. Qd3 c5 5. O-O-O e6 6. e4 dxe4 7. Nxe4 Qa5 8.
Bxf6 Nxf6 9. Nxf6+ gxf6 10. Qb3 cxd4 11. Bb5+ Ke7 12. a4 Qb6 13. Qb4+ Qd6 14.
Qxd6+ Kxd6 15. Rxd4+ Kc7 16. Ne2 a6 17. Bd3 Bd7 18. Be4 Rd8 19. Kb1 f5 20. Bf3
b5 21. axb5 axb5 22. Rd3 Bc5 1/2-1/2

[Event "Oslo Chess International 2014"]
[Site "Oslo"]
[Date "2014.09.28"]
[Round "9"]
[White "Wieweg, Johnny"]
[Black "Hjelmås, Lars"]
[Result "1-0"]
[WhiteElo "2140"]
[BlackElo "2302"]
[PlyCount "53"]
[EventDate "2014.??.??"]

1. e4 e6 2. Qe2 c5 3. Nf3 Nc6 4. g3 g5 5. h3 Bg7 6. d3 h6 7. Bg2 Nge7 8. c3 d5
9. O-O b6 10. Na3 Ba6 11. exd5 Nxd5 12. Nc4 Qc7 13. Re1 Bxc4 14. dxc4 Nde7 15.
h4 g4 16. Nh2 h5 17. Bf4 e5 18. Rad1 O-O 19. Bg5 f6 20. Bc1 Rad8 21. Rxd8 Rxd8
22. f3 f5 23. Bg5 Rd7 24. Nf1 Qd8 25. fxg4 hxg4 26. Bxc6 Rd6 27. Bd5+ 1-0

[Event "Oslo Chess International 2014"]
[Site "Oslo"]
[Date "2014.09.28"]
[Round "9"]
[White "Hanssen, Gunnar B"]
[Black "Haugli, Petter"]
[Result "0-1"]
[WhiteElo "2204"]
[BlackElo "2277"]
[PlyCount "62"]
[EventDate "2014.??.??"]

1. Nf3 d5 2. d4 Nf6 3. c4 c6 4. e3 Bf5 5. Nc3 e6 6. Nh4 Be4 7. f3 Bg6 8. Nxg6
hxg6 9. Bd3 Bd6 10. f4 c5 11. O-O Nc6 12. cxd5 exd5 13. Qf3 Be7 14. dxc5 Bxc5
15. Bd2 O-O 16. Rad1 d4 17. Ne4 Nxe4 18. Bxe4 Qb6 19. b4 Bxb4 20. Bxb4 dxe3 21.
Rb1 Nxb4 22. a3 e2+ 23. Rf2 Nc2 24. Bxc2 Qxb1+ 25. Bxb1 e1=Q+ 26. Rf1 Qe7 27.
f5 gxf5 28. Qxf5 g6 29. Qg4 Rad8 30. h4 Qe3+ 31. Kh1 Rd4 0-1

[Event "Oslo Chess International 2014"]
[Site "Oslo"]
[Date "2014.09.28"]
[Round "9"]
[White "Sousa, Ludy Helsio P"]
[Black "Gonzàlez, Francisco Silva"]
[Result "0-1"]
[WhiteElo "2228"]
[BlackElo "2130"]
[PlyCount "132"]
[EventDate "2014.??.??"]

1. e4 e5 2. Nf3 Nc6 3. d4 exd4 4. Nxd4 Bc5 5. Nb3 Bb4+ 6. Bd2 a5 7. a3 Bxd2+ 8.
Qxd2 Nf6 9. Nc3 d6 10. Bb5 Bd7 11. O-O-O O-O 12. f4 a4 13. Nd4 Re8 14. Nf3 Nxe4
15. Nxe4 Rxe4 16. Ng5 Rd4 17. Bd3 Bf5 18. Qe3 Bxd3 19. Rxd3 Rxd3 20. Qxd3 g6
21. Qh3 h5 22. g4 Qd7 23. f5 Qe7 24. Qh4 Ra5 25. Re1 Re5 26. Rf1 Re2 27. Rd1
Nd4 28. Kb1 Rxc2 29. gxh5 Nxf5 30. Qxa4 Rxh2 31. hxg6 fxg6 32. Qc4+ Kh8 33.
Qc3+ Ng7 34. Rg1 c6 35. Ka1 Kg8 36. Qb3+ d5 37. Qg3 Re2 38. Qb8+ Ne8 39. Qf4
Qg7 40. Qb4 c5 41. Qb5 Qe7 42. Qd3 Kg7 43. Qxd5 Nf6 44. Qc4 b6 45. Ka2 Re3 46.
Rf1 Re5 47. Qh4 Rf5 48. Re1 Re5 49. Rf1 Re2 50. Qc4 Re5 51. Qh4 b5 52. Qg3 Nh5
53. Rf7+ Qxf7+ 54. Nxf7 Nxg3 55. Nxe5 Ne4 56. a4 bxa4 57. Ka3 Kf6 58. Nc6 g5
59. Kxa4 g4 60. Nb8 Nd6 61. Ka5 Ke5 62. b3 Nb7+ 63. Kb5 Nd8 64. Ka4 Kd5 65. Ka3
Kd4 66. Kb2 Nc6 0-1

[Event "Oslo Chess International 2014"]
[Site "Oslo"]
[Date "2014.09.28"]
[Round "9"]
[White "Wallace, Paul"]
[Black "Goossens, Hanne"]
[Result "1/2-1/2"]
[WhiteElo "2200"]
[BlackElo "2187"]
[PlyCount "57"]
[EventDate "2014.??.??"]

1. e4 c5 2. Nf3 d6 3. Bb5+ Nc6 4. O-O Bd7 5. Re1 a6 6. Bf1 Bg4 7. h3 Bh5 8. c3
Nf6 9. d3 e6 10. Nbd2 Be7 11. a3 O-O 12. b4 Rc8 13. Qb3 Qc7 14. Bb2 Bg6 15. g3
Rfd8 16. Nh4 d5 17. Nxg6 hxg6 18. Nf3 dxe4 19. dxe4 Nd7 20. Be2 Nde5 21. Nxe5
Nxe5 22. Rad1 c4 23. Qc2 g5 24. Rd4 Bf6 25. Red1 b5 26. Bc1 Nc6 27. Rxd8+ Rxd8
28. Rxd8+ Qxd8 29. Be3 1/2-1/2

[Event "Oslo Chess International 2014"]
[Site "Oslo"]
[Date "2014.09.28"]
[Round "9"]
[White "Einarsen, Kenneth"]
[Black "Lillevold, Frode"]
[Result "1-0"]
[WhiteElo "2106"]
[BlackElo "2199"]
[PlyCount "61"]
[EventDate "2014.??.??"]

1. e4 e5 2. Nf3 Nc6 3. d4 exd4 4. Nxd4 Nf6 5. Nxc6 bxc6 6. e5 Ne4 7. Bd3 Nc5 8.
Be2 d5 9. O-O Be7 10. Be3 Ne6 11. f4 f5 12. Bd3 O-O 13. Qf3 a5 14. Nd2 a4 15.
c3 Ba6 16. c4 d4 17. Bf2 c5 18. Bc2 Rb8 19. Bxa4 Rxb2 20. Rfb1 Bb7 21. Bc6 Bxc6
22. Qxc6 Rxb1+ 23. Rxb1 Nxf4 24. Rb7 Qe8 25. Qxc7 Qh5 26. Nf3 Qg4 27. Bg3 Bh4
28. Bxf4 Bd8 29. Qd7 d3 30. Bg5 Bxg5 31. Qxg7# 1-0

[Event "Oslo Chess International 2014"]
[Site "Oslo"]
[Date "2014.09.28"]
[Round "9"]
[White "Haug, Johannes"]
[Black "Harstad, Christian"]
[Result "1-0"]
[WhiteElo "2194"]
[BlackElo "2002"]
[PlyCount "127"]
[EventDate "2014.??.??"]

1. e4 e5 2. Nf3 Nc6 3. d4 exd4 4. Nxd4 Nf6 5. Nxc6 bxc6 6. e5 Qe7 7. Qe2 Nd5 8.
c4 Ba6 9. b3 g6 10. Bb2 Bg7 11. g3 O-O 12. Bg2 Rae8 13. O-O Bxe5 14. Qxe5 Qxe5
15. Bxe5 Rxe5 16. cxd5 Bxf1 17. Kxf1 cxd5 18. Nc3 c6 19. Bf3 Rfe8 20. Ne2 Kf8
21. Nf4 Rb8 22. Nd3 Re7 23. Rc1 Ree8 24. Rc5 Rb6 25. Ra5 Rb7 26. b4 Rc7 27. Nc5
Ke7 28. Ke2 Kd6+ 29. Kd2 f5 30. Nd3 Rh8 31. Kc3 Re8 32. Kd4 Rb7 33. Kc3 Rc7 34.
Kb3 Rb8 35. Kc2 Re8 36. h3 Rb8 37. Kd2 Re8 38. Ra3 Rb8 39. Ke3 Re8+ 40. Kf4 Rb7
41. Kg5 Ke7 42. h4 h6+ 43. Kxg6 Rg8+ 44. Kh5 Kf6 45. Nc5 Rxb4 46. Nxd7+ Ke6 47.
Rxa7 Kd6 48. Kxh6 Rb2 49. Nf6 Rd8 50. Kg7 Rxf2 51. Ra3 d4 52. h5 c5 53. Bd5 Ke5
54. Bc4 Rd6 55. Ng8 Ke4 56. Nf6+ Ke5 57. Ng8 Ke4 58. Bd3+ Kd5 59. h6 Rh2 60.
Ne7+ Ke5 61. Nxf5 Rd7+ 62. Kg6 Rb7 63. Ra6 Rh3 64. Bc4 1-0

[Event "Oslo Chess International 2014"]
[Site "Oslo"]
[Date "2014.09.28"]
[Round "9"]
[White "Kjølberg, Jens Hjorth"]
[Black "Bjerke, Richard"]
[Result "0-1"]
[WhiteElo "2058"]
[BlackElo "2172"]
[PlyCount "70"]
[EventDate "2014.??.??"]

1. Nf3 Nf6 2. c4 e6 3. g3 d5 4. Bg2 Be7 5. O-O O-O 6. b3 d4 7. e3 c5 8. exd4
cxd4 9. d3 Nc6 10. Na3 e5 11. Nc2 Re8 12. Rb1 Bf5 13. b4 e4 14. Nfe1 exd3 15.
Nxd3 Ne4 16. Bxe4 Bxe4 17. Rb3 a5 18. f3 Bxd3 19. Rxd3 axb4 20. a3 Ne5 21. axb4
Nxd3 22. Qxd3 Bf6 23. Rd1 Ra2 24. Bf4 Qe7 25. Kf1 Qd7 26. Kg1 Qe6 27. Kf1 Qh3+
28. Kg1 g5 29. Bc1 h5 30. c5 h4 31. g4 Be5 32. Rd2 Rxc2 33. Rxc2 Bxh2+ 34. Rxh2
Re1+ 35. Kf2 Qg3# 0-1

[Event "Oslo Chess International 2014"]
[Site "Oslo"]
[Date "2014.09.28"]
[Round "9"]
[White "Mihajlov, Svetoslav"]
[Black "Andersen, Alf Roger"]
[Result "1/2-1/2"]
[WhiteElo "2154"]
[BlackElo "2170"]
[PlyCount "68"]
[EventDate "2014.??.??"]

1. e4 d6 2. d4 Nf6 3. Nc3 g6 4. f4 Bg7 5. Nf3 c5 6. Bb5+ Bd7 7. e5 Ng4 8. e6
Bxb5 9. exf7+ Kd7 10. Nxb5 Qa5+ 11. Nc3 cxd4 12. Nxd4 h5 13. h3 Nh6 14. Be3 Nc6
15. Qd3 Nf5 16. Nb3 Nb4 17. Qd2 Qc7 18. Bf2 Qc4 19. O-O-O Rhc8 20. a3 Bxc3 21.
bxc3 Na2+ 22. Kb2 Nxc3 23. f8=N+ Ke8 24. Nxg6 Ne4 25. Qd5 Qc3+ 26. Kb1 Qxc2+
27. Ka1 Qc3+ 28. Kb1 Qc2+ 29. Ka1 Qc3+ 30. Kb1 Nxf2 31. Ne5 Qc2+ 32. Ka1 Qc3+
33. Kb1 Qc2+ 34. Ka1 Qc3+ 1/2-1/2